000 00480cam a2200181ua 4500
020 _a9788178086712
_cRs.450/-
041 _aeng
_h
082 _a658.4034
_bRAR/OP
100 _aRonald, L. Rardin .
245 _aoptimization in operations Research /
_cRardin L. Ronald.
_hTextual Documents
250 _a2 /
_b.
260 _a :
_bPearson Education Asia ,
_c2002.
300 _a919 ; .
365 _aRs.450/-
504 _a
942 _cBK
999 _c12382
_d12382